000 00469nam a2200181Ia 4500
001 17940
005 20260306171554.0
008 260306s9999||||xx |||||||||||||| ||und||
041 _aESP
082 _a658.3
_bG47
100 _aGinebra, Gabriel
_eAUT
245 0 _aGestión de incompetentes:
_bun enfoque innovador de la gestión de personas
260 _c2016
300 _a255 páginas :
_c21 cm.
650 _aGEN
654 _aCAN
942 _cLIB
_dJUS
_fJUS
_2ddc
_n
999 _c17940
_d17940